000 00871cab a2200205 4500
001 ABS40211
008 090401t1989 xxu||||| |||| 00| 0 eng d
035 _a(Sirsi) u22197
041 _aeng
100 _aRussell, L.
245 _aComputers in construction
260 _c1989
350 _a0
490 _aNew Civil Engineer
_v(824) 26 January 1989, 36-62(15)
520 _aA special feature on computer developments considers how new technology is being used to help engineers devise a coastal protection plan for East Anglia . Lists a wide range of systems and software specifically designed for the construction industry , including a brief description of the product and contact addresses and telephone numbers.
650 _aCONSTRUCTION INDUSTRY COMPUTER EXHIBITION
690 _aBUILDING AND CONSTRUCTION-COMPUTERS
942 _n0
948 _c04/03/1997
999 _c14867
_d14867